07463 2203697 4500001002100000008004100021035002000062245002700082100002000109250000600129260003100135300001200166020002200178084001400200082000800214650001500222990001200237990001200249990001200261990001200273990001200285990001200297990001200309990001200321990001200333990001200345990001200357990001200369990001200381990001200393990001200405990001200417990001200429990001200441990001200453990001200465990001200477990001200489990001200501990001200513990001200525990001200537990001200549990001200561990001200573990001200585990001200597990001200609990001200621990001200633990001200645990001200657990001200669990001200681990001200693990001200705990001200717990001200729990001200741990001200753990001200765990001200777990001200789990001200801990001200813990001200825990001200837990001200849990001200861990001200873990001200885990001200897990001200909990001200921990001200933990001200945990001200957990001200969990001200981990001200993990001201005990001201017990001201029990001201041990001201053990001201065990001201077990001201089990001201101990001201113990001201125990001201137990001201149990001201161990001201173990001201185990001201197990001201209990001201221990001201233990001201245990001201257990001201269990001201281990001201293990001201305990001201317990001201329990001201341990001201353990001201365990001201377990001201389990001201401990001201413990001201425990001201437990001201449990001201461990001201473990001201485990001201497990001201509990001201521990001201533990001201545990001201557990001201569990001201581990001201593990001201605990001201617990001201629990001201641990001201653990001201665990001201677990001201689990001201701990001201713990001201725990001201737990001201749990001201761990001201773990001201785990001201797990001201809990001201821990001201833990001201845990001201857990001201869990001201881990001201893990001201905990001201917990001201929990001201941990001201953990001201965990001201977990001201989990001202001990001202013990001202025990001202037990001202049990001202061990001202073990001202085990001202097990001202109990001202121990001202133990001202145990001202157990001202169990001202181990001202193990001202205990001202217990001202229990001202241990001202253990001202265990001202277990001202289990001202301990001202313990001202325990001202337990001202349990001202361990001202373990001202385990001202397990001202409990001202421990001202433990001202445990001202457990001202469990001202481990001202493990001202505990001202517990001202529990001202541990001202553990001202565990001202577990001202589990001202601990001202613990001202625990001202637990001202649990001202661990001202673990001202685990001202697990001202709990001202721990001202733990001202745990001202757990001202769990001202781990001202793990001202805990001202817990001202829990001202841990001202853990001202865990001202877990001202889990001202901990001202913990001202925990001202937990001202949990001202961990001202973990001202985990001202997990001203009990001203021990001203033990001203045990001203057990001203069990001203081990001203093990001203105990001203117990001203129990001203141990001203153990001203165990001203177990001203189990001203201990001203213990001203225990001203237990001203249990001203261990001203273990001203285990001203297990001203309990001203321990001203333990001203345990001203357990001203369990001203381990001203393990001203405990001203417990001203429990001203441990001203453990001203465990001203477990001203489990001203501990001203513990001203525990001203537990001203549990001203561990001203573990001203585990001203597990001203609990001203621990001203633990001203645990001203657990001203669990001203681990001203693990001203705990001203717990001203729990001203741990001203753INLIS000000000001390 Ind  a0010-0724000010 aBIOLOGIcGaluh Yuliani aDewi, Shilviani a1 aJakartabKemendikbudc2022 a254 hlm a978-602-427-892-2 a570 SHI b a570 aBUKU Paket a0751096 a0751097 a0751098 a0751099 a0751100 a0751101 a0751102 a0751103 a0751104 a0751105 a0751106 a0751107 a0751108 a0751109 a0751110 a0751111 a0751112 a0751113 a0751114 a0751115 a0751116 a0751117 a0751118 a0751119 a0751120 a0751121 a0751122 a0751123 a0751124 a0751125 a0751126 a0751127 a0751128 a0751129 a0751130 a0751131 a0751132 a0751133 a0751134 a0751135 a0751136 a0751137 a0751138 a0751139 a0751140 a0751141 a0751142 a0751143 a0751144 a0751145 a0751146 a0751147 a0751148 a0751149 a0751150 a0751151 a0751152 a0751153 a0751154 a0751155 a0751156 a0751157 a0751158 a0751159 a0751160 a0751161 a0751162 a0751163 a0751164 a0751165 a0751166 a0751167 a0751168 a0751169 a0751170 a0751171 a0751172 a0751173 a0751174 a0751175 a0751176 a0751177 a0751178 a0751179 a0751180 a0751181 a0751182 a0751183 a0751184 a0751185 a0751186 a0751187 a0751188 a0751189 a0751190 a0751191 a0751192 a0751193 a0751194 a0751195 a0751196 a0751197 a0751198 a0751199 a0751200 a0751201 a0751202 a0751203 a0751204 a0751205 a0751206 a0751207 a0751208 a0751209 a0751210 a0751211 a0751212 a0751213 a0751214 a0751215 a0751216 a0751217 a0751218 a0751219 a0751220 a0751221 a0751222 a0751223 a0751224 a0751225 a0751226 a0751227 a0751228 a0751229 a0751230 a0751231 a0751232 a0751233 a0751234 a0751235 a0751236 a0751237 a0751238 a0751239 a0751240 a0751241 a0751242 a0751096 a0751097 a0751098 a0751099 a0751100 a0751101 a0751102 a0751103 a0751104 a0751105 a0751106 a0751107 a0751108 a0751109 a0751110 a0751111 a0751112 a0751113 a0751114 a0751115 a0751116 a0751117 a0751118 a0751119 a0751120 a0751121 a0751122 a0751123 a0751124 a0751125 a0751126 a0751127 a0751128 a0751129 a0751130 a0751131 a0751132 a0751133 a0751134 a0751135 a0751136 a0751137 a0751138 a0751139 a0751140 a0751141 a0751142 a0751143 a0751144 a0751145 a0751146 a0751147 a0751148 a0751149 a0751150 a0751151 a0751152 a0751153 a0751154 a0751155 a0751156 a0751157 a0751158 a0751159 a0751160 a0751161 a0751162 a0751163 a0751164 a0751165 a0751166 a0751167 a0751168 a0751169 a0751170 a0751171 a0751172 a0751173 a0751174 a0751175 a0751176 a0751177 a0751178 a0751179 a0751180 a0751181 a0751182 a0751183 a0751184 a0751185 a0751186 a0751187 a0751188 a0751189 a0751190 a0751191 a0751192 a0751193 a0751194 a0751195 a0751196 a0751197 a0751198 a0751199 a0751200 a0751201 a0751202 a0751203 a0751204 a0751205 a0751206 a0751207 a0751208 a0751209 a0751210 a0751211 a0751212 a0751213 a0751214 a0751215 a0751216 a0751217 a0751218 a0751219 a0751220 a0751221 a0751222 a0751223 a0751224 a0751225 a0751226 a0751227 a0751228 a0751229 a0751230 a0751231 a0751232 a0751233 a0751234 a0751235 a0751236 a0751237 a0751238 a0751239 a0751240 a0751241 a0751242